000 00300nam a22001097a 4500
020 _a9781292024264
100 _aTURBAN EFRAIM,SHARDA RAMESH, DELEN DURSUN
245 _aDECISION SUPPORT AND BUSINESS INTELLIGENCE SYSTEMS
260 _aUSA
_bPEARSON EDUCATION LTD
_c2014
300 _a672
942 _cBK
999 _c251132
_d251132